000 00371nam a2200157Ia 4500
008 221030s9999 xx 000 0 und d
020 _a8120321359
041 _aEnglish
082 _a105.23
100 _aN. K. Sharda
245 0 _aMultimedia Information Networking
_cby N. K. Sharda
260 _bPHI
_aNew Delhi
_c2010
300 _a480
650 _aIT
942 _cBK
999 _c9768
_d9768